LDR 01620nam a2200361 a 4500 001 000000124696 003 CaOOAMICUS 005 20260427174501.0 008 110311s2010 it u000 u ita r 020 $a978-88-89231-46-3* 040 $aPUL$bita 082 04$a195 100 1 $aFontana, Elvio Celestino,$d1964-,$eautore.$0(OLS)http://pul/name/69543 245 10$aFabro e l'esistenzialismo /$cElvio Celestino Fontana. 260 $aSegni :$bEDIVI [Editrice del Verbo Incarnato],$c©2010. 300 $a182 pagine ;$c24 cm 336 $atesto$btxt$2rdacontent 337 $asenza mediazione$bn$2rdamedia 338 $avolume$bnc$2rdacarrier 490 1 $aQuaderni Fabriani ;$v02 504 $aBibliografia in nota. 600 14$aFabro, Cornelio,$cC.S.,$d1911-1995$xFilosofia.$0(OLS)http://pul/subject/17699 650 4$aFilosofia dell'esistenza.$0(OLS)http://pul/subject/20417 830 0$aQuaderni Fabriani ;$v02.$0(OLS)http://pul/title/149949 850 $aPUL 852 $aPUL$W1$xSL Filosofia 3$y81$m195 FONEL 2$j143581$qDDC 21$B142613$CPULBib$Z2$F142613 $H115678 $82 852 $aPUL$W1$xDP2 Filosofia 3$y112$m195 FONEL 2B$j202471$qDDC 21$q$a2.copia$B207881$CPULBib$Z2$F207881 $H138593 $82 941 1 $a9 996 $6020$a978-88-89231-46-3*$9(OLS)http://pul/number/146682 996 $6082$a195$9(OLS)http://pul/classification/342 996 $6245$aFabro e l'esistenzialismo$9(OLS)http://pul/title/157180 996 $6260$aSegni :$bEDIVI [Editrice del Verbo Incarnato]$9(OLS)http://pul/publisher/78328